000 00600aab a2200193 4500
001 768714001
003 CO-MdFUSB
005 20240613150920.0
008 170523s2000 cr ||||| |||| 00| 0 spa d
022 _a1409-1968
040 _aCO-MdFUSB
_bspa
_cCO-MdFUSB
_dCO-MdFUSB
041 _aspa
100 1 _aHermano Pablo
_eautor
245 1 0 _aSé un padre para tus hijos
_c/ Hermano Pablo
300 _aVolumen 17. Número 2 (2000), páginas 32-34
_c: 27 cm.
773 0 _tApuntes Pastorales
_049442
_960147
_gVolumen 17. Número 2 (2000), páginas 32-34
_qPágina 32
942 _cANA
945 _aJTF-925
999 _c60012
_d60012